000 00689nam a2200205Ia 4500
003 GCL
005 20240530103528.0
008 140319s9999 xx 000 0 ara d
040 _aGCL /
_cGCL
082 0 4 _a327.60569
_bح ا
100 1 _aعواطف عبدالرحمن
245 1 0 _aاسرائيل وافريقيا : 1948 - 1985 /
_cعواطف عبدالرحمن ، حلمى شعراوى
260 _aالقاهرة :
_bدار الفكر العربى ،
300 _a228 ص
650 0 4 _aالاتفاقيات الدولية
650 0 4 _aالعلاقات الخارجية
650 0 4 _aافريقيا
700 0 _aحلمى شعراوى
_eمؤلف مشارك
942 _2ddc
_cBK
999 _c40320
_d40320